000
00237 a2200097 4500
001
28334
100
_a
Qureshi, B A
245
_a
Kitabistan's 20th Cent. Practical Dictionary
260
_a
_b
Kitabistan Pub. Co.
_c
090
_c
18943
_d
18943
942
_a
NUST-CAE
_c
M
_c
9939
999
_c
263407
_d
263407